Meilleur attaquant par année UEFA (partie 4) - Statistiques

Statistiques générales
  • Ce quiz a été pris 490 fois
  • Le résultat moyen est 15 sur 18
Statistiques - réponses
Saison Pays Club Joueur % Correct
2007-2008 Portugal Manchester United Cristiano Ronaldo
100%
2016-2017 Portugal Real Madrid Cristiano Ronaldo
100%
2017-2018 Portugal Real Madrid Cristiano Ronaldo
100%
1997-1998 Brésil Inter Milan Ronaldo
100%
2008-2009 Argentine FC Barcelone Lionel Messi
99%
2018-2019 Argentine FC Barcelone Lionel Messi
99%
2020-2021 Norvège Borussia Dortmund Erling Haaland
98%
2019-2020 Pologne Bayern Munich Robert Lewandowski
97%
2005-2006 Cameroun FC Barcelone Samuel Eto'o
94%
1999-2000 Espagne Real Madrid Raul
82%
2000-2001 Espagne Real Madrid Raul
82%
2001-2002 Espagne Real Madrid Raul
82%
2004-2005 Brésil FC Barcelone Ronaldinho
82%
1998-1999 Ukraine Dynamo Kiev Andriy Chevtchenko
79%
2006-2007 Brésil AC Milan Kaka
79%
2002-2003 Pays-Bas Manchester United Ruud van Nistelrooy
65%
2009-2010 Argentine Inter Milan Diego Milito
54%
2003-2004 Espagne AS Monaco Fernando Morientes
45%
Aucun quiz correspondant
Distribution des résultats
% des personnes avec chaque résultat
Percentile par nombre de réponses
Votre historique - résultats
Vous n’avez pas pris ce quiz